000 00491nam a2200181Ia 4500
001 23301
005 20260414150928.0
008 260414t2009||||xx |||||||||||||| ||spa||
041 _aESP
082 _a628.4458
_bE41
100 _aElías Castells, Xavier
_eAUT
245 0 _aReciclaje de residuos industriales :
_bresiduos sólidos urbanos y fangos de depuradora
260 _c2009
300 _a1295 páginas :
_c28 cm.
650 _aCNM
654 _aCCN
942 _cLIB
_dJUS
_fJUS
_2ddc
_n
999 _c23301
_d23301